00471nam a22001577a 450000500170000001000130001702000410003003500330007103700210010408200060012510000200013124500510015126000290020227000590023130000230029020181204160158.0 aB-456992 a9780143414179, 9780140265729c299.00 aB-456992, B-214489, B-214493 adplbK.K.Pub/Ven aS aChandra, Vikram aLove and longing in Bombay/cby Vikram Chandra aNew Delhibpenguinc2010 a11 community centre panchsheel parkbNew Delhie110017 a268 p.c18cm (pbk)